Top 10 Złotej Piłki France Football 2013 - Statystyki

Ogólne statystyki
  • Ten quiz został rozwiązany 4 razy
  • Średni wynik to 9 z 10
Statystyki odpowiedzi
Miejsce Narodowość Klub Zawodnik % Poprawnych
6 Hiszpania FC Barcelona Andrés Iniesta
100%
1 Portugalia Real Madryt Cristiano Ronaldo
100%
3 Francja Bayern Monachium Franck Ribéry
100%
9 Walia Real Madryt Gareth Bale
100%
2 Argentyna FC Barcelona Lionel Messi
100%
5 Brazylia FC Barcelona Neymar Jr.
100%
4 Szwecja Paris Saint-Germain Zlatan Ibrahimović
100%
8 Holandia Bayern Monachium Arjen Robben
75%
7 Holandia Manchester United Robin Van Persie
75%
10 Włochy Juventus Andrea Pirlo
50%
Nie znaleziono quizów pasujących do podanych kryteriów
Rozkład punktacji
Procent ludzi z każdym wynikiem
Percentyl według liczby udzielonych odpowiedzi
Twoja historia wyników
Nie rozwiązałeś tego quizu